000 00695nam0a22002411 4500
001 rc\171387
005 20250620215910.0
010 _a5-260-00604-6
_915000
035 _a(NLR Aleph) 005433831
090 _a7605499
_c7605499
100 _a20030307d1991 |||y0rusy50 ca
101 0 _arus
102 _aRU
105 _aa |||||||||
200 1 _aКонтроль качества полевых работ
210 _aМ.
_cРосагропромиздат
_d1991
215 _a189, [2] с.
_cил.
_d20
700 1 _aОрманджи
_bК.С.
_gКирияк Сергеевич
801 0 _aRU
_bNLR
_gpsbo
801 1 _aRU
_bELAR
_2rusmarc
852 _aNLR
_j91-3/4450
942 _cBOOK
980 _aNB